[Event "Titled Tue 10th Jun Late"]
[Site "chess.com INT"]
[Date "2025.06.10"]
[Round "11"]
[White "Davtyan, Artur"]
[Black "Nepomniachtchi, Ian"]
[Result "0-1"]
[WhiteTitle "IM"]
[BlackTitle "GM"]
[WhiteElo "2472"]
[BlackElo "2757"]
[WhiteFideId "13308327"]
[BlackFideId "4168119"]
[EventDate "2025.06.10"]

1. d4 e6 2. c4 d5 3. Nc3 Nf6 4. cxd5 exd5 5. Bg5 Bb4 6. e3 h6 7. Bxf6 Qxf6 8.
Qb3 Qd6 9. a3 Bxc3+ 10. bxc3 O-O 11. Qb4 Qg6 12. Nf3 Nc6 13. Qc5 Rd8 14. Qb5 Qc2
15. Qd3 Qb2 16. Rb1 Qxa3 17. Be2 Ne7 18. Qc2 Bf5 19. Bd3 Bxd3 20. Qxd3 b6 21.
O-O a5 22. Rfc1 a4 23. Ra1 Qd6 24. c4 dxc4 25. Qxc4 a3 26. Ne5 Qd5 27. Qb4 c5
28. Qxb6 cxd4 29. Nf3 d3 30. Rd1 Nc6 31. Qb1 a2 32. Qb2 Rdb8 33. Qd2 Ra3 34. h3
Nb4 35. Nd4 Ra6 36. Rdc1 Rg6 37. f3 Qe5 38. Kh1 Kh7 39. Rc4 Nc2 40. Nxc2 Rb1+ 0-1

[Event "Titled Tue 10th Jun Late"]
[Site "chess.com INT"]
[Date "2025.06.10"]
[Round "11"]
[White "Thiel, Thomas"]
[Black "Montejo Bello, Lorena Beatriz"]
[Result "0-1"]
[WhiteTitle "FM"]
[BlackTitle "WFM"]
[WhiteElo "2170"]
[BlackElo "2090"]
[WhiteFideId "4615964"]
[BlackFideId "3529045"]
[EventDate "2025.06.10"]

1. e4 e5 2. Nf3 Nc6 3. d4 exd4 4. Nxd4 Nf6 5. Nxc6 bxc6 6. e5 Qe7 7. Qe2 Nd5 8.
c4 Nb6 9. Nc3 g6 10. Ne4 Bg7 11. Bg5 Qb4+ 12. Qd2 Qxd2+ 13. Kxd2 h6 14. Bf6 O-O
15. Rd1 Re8 16. f4 d6 17. Bxg7 Kxg7 18. c5 Nd5 19. cxd6 Nxf4 20. dxc7 Rxe5 21.
Nd6 Re6 22. Kc1 Nd5 23. Nc4 Nxc7 24. Rd8 Re8 25. Rxe8 Nxe8 26. b3 Be6 27. Ne3 a5
28. Bc4 Nc7 29. Rd1 Re8 30. Rd6 Nb5 31. Rxc6 Nd4 32. Rc7 Bxc4 33. Nxc4 Re1+ 34.
Kd2 Ra1 35. Kd3 Ne6 36. Ra7 Rxa2 37. Ne5 Kf6 0-1

[Event "Titled Tue 10th Jun Late"]
[Site "chess.com INT"]
[Date "2025.06.10"]
[Round "11"]
[White "Klepek, Witold"]
[Black "Bazan Romero, Octavio Aaron"]
[Result "0-1"]
[WhiteTitle "CM"]
[BlackTitle "FM"]
[WhiteElo "2253"]
[BlackElo "2289"]
[WhiteFideId "1175068"]
[BlackFideId "20003943"]
[EventDate "2025.06.10"]

1. c4 e5 2. Nc3 Nf6 3. Nf3 e4 4. Ng5 c6 5. Qa4 b5 6. cxb5 d5 7. bxc6 Qb6 8. c7+
Nbd7 9. e3 h6 10. Nxd5 Nxd5 11. Qxe4+ Ne7 12. Nxf7 Kxf7 13. Qxa8 Qxc7 14. Qf3+
Nf6 15. d3 Bb7 16. e4 Ng6 17. Bd2 Qc2 18. Bc3 Bb4 19. Bxb4 Qxb2 20. Qd1 Qxb4+
21. Qd2 Qd4 22. Rb1 Ba6 23. Be2 Rd8 24. O-O Ne5 25. Qa5 Bxd3 26. Bxd3 Nxd3 27.
Rb7+ Kg8 28. Qxa7 Nxe4 29. Qxd4 Rxd4 30. f3 Nc3 31. Rb3 Ne2+ 32. Kh1 Nf2+ 33.
Rxf2 Rd1+ 34. Rf1 Rxf1# 0-1

[Event "Titled Tue 10th Jun Late"]
[Site "chess.com INT"]
[Date "2025.06.10"]
[Round "11"]
[White "Kodihalli, Kaustubh"]
[Black "Hungaski, Robert"]
[Result "0-1"]
[BlackTitle "GM"]
[WhiteElo "2038"]
[BlackElo "2477"]
[WhiteFideId "30956455"]
[BlackFideId "2021030"]
[EventDate "2025.06.10"]

1. e4 e6 2. d4 d5 3. e5 Ne7 4. c3 b6 5. Nf3 Qd7 6. a4 Ba6 7. Bxa6 Nxa6 8. Qd3
Nb8 9. O-O c5 10. Be3 c4 11. Qe2 Nbc6 12. Nbd2 Na5 13. g4 h5 14. h3 Nec6 15. Kg2
O-O-O 16. Rfb1 Kb7 17. Nf1 Nb3 18. Ra2 Be7 19. Ng3 hxg4 20. hxg4 f6 21. exf6
gxf6 22. Nd2 Nca5 23. Nxb3 Nxb3 24. Rg1 Rdg8 25. f3 Bd6 26. Kf1 f5 27. Bf2 fxg4
28. fxg4 Rh2 29. Rg2 Rxg2 30. Kxg2 Qf7 31. Be1 Qg6 32. Kh3 Qb1 33. Ra3 Rh8+ 34.
Nh5 Qg6 35. Rxb3 cxb3 36. Bh4 a6 37. c4 Qe4 38. Qxe4 dxe4 39. Bg5 Ba3 40. Bc1
Be7 41. Kg3 Rd8 42. Nf4 Rxd4 43. Nxe6 Rd1 44. Be3 Bf6 45. c5 Bxb2 46. cxb6 Ba3
47. Nd8+ Rxd8 0-1

[Event "Titled Tue 10th Jun Late"]
[Site "chess.com INT"]
[Date "2025.06.10"]
[Round "11"]
[White "Krzywda, Andrzej"]
[Black "Shuvalova, Polina"]
[Result "0-1"]
[WhiteTitle "CM"]
[BlackTitle "IM"]
[WhiteElo "2175"]
[BlackElo "2480"]
[WhiteFideId "1114565"]
[BlackFideId "24171760"]
[EventDate "2025.06.10"]

1. e4 c6 2. d4 d5 3. e5 Bf5 4. h4 h5 5. Bd3 Bxd3 6. Qxd3 Qa5+ 7. Nd2 e6 8. Nf3
Ne7 9. O-O Nf5 10. Nb3 Qa6 11. Qd1 Be7 12. g3 Nd7 13. c3 b6 14. Re1 c5 15. Kg2
g6 16. dxc5 bxc5 17. Bf4 O-O 18. Qc2 Qb7 19. Rad1 c4 20. Nc1 Rab8 21. Rd2 Nc5
22. Kh2 Rfc8 23. Bg5 Bxg5 24. Nxg5 a5 25. Qd1 Qe7 26. Qf3 Kg7 27. Nh3 a4 28. a3
Rb7 29. Nf4 Rcb8 30. Ree2 Ne4 31. Rc2 Qc7 32. Qg2 Rb5 33. Na2 Qxe5 34. f3 Nfxg3
35. Qxg3 Nxg3 36. Rxe5 Rxb2 37. Rxb2 Rxb2+ 38. Kxg3 Rxa2 39. Re1 Rxa3 40. Ne2
Ra2 41. Kf2 a3 42. Ke3 Rc2 43. Ra1 a2 44. Nc1 Rxc3+ 45. Ke2 Rc2+ 46. Ke3 Rh2 47.
Rxa2 Rxh4 48. f4 Rh3+ 49. Kd4 Rf3 50. Ne2 Rd3+ 51. Ke5 Re3+ 52. Kd4 Re4+ 53. Kc3
h4 54. Rd2 h3 0-1

[Event "Titled Tue 10th Jun Late"]
[Site "chess.com INT"]
[Date "2025.06.10"]
[Round "11"]
[White "Kalyani Sirin"]
[Black "Cigan, Jason"]
[Result "1-0"]
[WhiteTitle "WFM"]
[WhiteElo "2138"]
[BlackElo "2123"]
[WhiteFideId "33323500"]
[BlackFideId "2064022"]
[EventDate "2025.06.10"]

1. e4 c5 2. Nf3 d6 3. d4 cxd4 4. Qxd4 Nc6 5. Qe3 Nf6 6. Be2 g6 7. O-O Bg7 8. h3
O-O 9. c4 Qb6 10. Qxb6 axb6 11. Nc3 Nd7 12. Bd2 Nc5 13. b3 Bxc3 14. Bxc3 Nxe4
15. Bb2 Nc5 16. Rfd1 f6 17. Nd4 Nxd4 18. Bxd4 Rd8 19. Bf3 Kf7 20. Re1 e5 21.
Bd5+ Kg7 22. Be3 Rb8 23. b4 Na4 24. Rac1 Bd7 25. Be4 b5 26. c5 Bc6 27. Bc2 d5
28. Bxa4 bxa4 29. a3 d4 30. Bd2 e4 31. Bf4 Rbc8 32. Bd6 f5 33. Rcd1 d3 34. f3
Kf7 35. fxe4 fxe4 36. Kf2 Rxd6 37. cxd6 Ke6 38. Rxd3 Rf8+ 39. Kg1 Rd8 40. b5
Bxb5 41. Rxe4+ Kf5 42. Rde3 Rxd6 43. Re5+ 1-0

[Event "Titled Tue 10th Jun Late"]
[Site "chess.com INT"]
[Date "2025.06.10"]
[Round "11"]
[White "Zepeda Berlanga, Jan Enrique"]
[Black "Castillo Pena, Patricia Evarista"]
[Result "1-0"]
[WhiteTitle "CM"]
[BlackTitle "WFM"]
[WhiteElo "1984"]
[BlackElo "1909"]
[WhiteFideId "5132355"]
[BlackFideId "6412106"]
[EventDate "2025.06.10"]

1. e4 c5 2. Nf3 d6 3. d4 cxd4 4. Nxd4 Nf6 5. Nc3 a6 6. Be3 e5 7. Nf3 Be7 8. Bc4
O-O 9. O-O b5 10. Bd5 Nxd5 11. Qxd5 Nd7 12. Qxa8 Qc7 13. Qd5 b4 14. Na4 Qxc2 15.
Qd1 Qc6 16. Re1 Nf6 17. Rc1 Qxe4 18. h3 Qg6 19. Kh2 Be6 20. b3 Nh5 21. Nb6 Nf4
22. Bxf4 exf4 23. Nd5 Bf6 24. Nxf6+ Qxf6 25. Qd4 Qg6 26. Qxf4 h6 27. Qxb4 d5 28.
Ne5 Qf6 29. Ng4 Qb2 30. Qc3 Qxa2 31. Ra1 1-0

[Event "Titled Tue 10th Jun Late"]
[Site "chess.com INT"]
[Date "2025.06.10"]
[Round "11"]
[White "Zierk, Steven"]
[Black "Shandrygin, Nikita"]
[Result "0-1"]
[WhiteTitle "GM"]
[BlackTitle "FM"]
[WhiteElo "2489"]
[BlackElo "2209"]
[WhiteFideId "2034255"]
[BlackFideId "24198668"]
[EventDate "2025.06.10"]

1. e4 c5 2. Nf3 e6 3. d4 cxd4 4. Nxd4 Nf6 5. Nc3 Nc6 6. Ndb5 Bb4 7. a3 Bxc3+ 8.
Nxc3 d5 9. exd5 exd5 10. Bd3 O-O 11. O-O Bg4 12. f3 Bh5 13. Bg5 Qb6+ 14. Kh1 Ne4
15. Nxe4 dxe4 16. Bxe4 Qxb2 17. Qd6 Bg6 18. Rab1 Qc3 19. Bxg6 hxg6 20. Rxb7 Qxc2
21. Rc1 Qf5 22. Rc5 Rfe8 23. h4 Ne5 24. Be7 f6 25. Qd5+ Kh8 26. Rcc7 Rac8 27.
Rxa7 Rxc7 28. Rxc7 Qf4 29. Qe4 Qg3 30. h5 Nxf3 31. Qxf3 Qxc7 32. Bb4 Qc1+ 33.
Kh2 Qc7+ 34. Kh3 Qd7+ 35. g4 gxh5 0-1

[Event "Titled Tue 10th Jun Late"]
[Site "chess.com INT"]
[Date "2025.06.10"]
[Round "11"]
[White "Firouzja, Alireza"]
[Black "Bortnyk, Olexandr"]
[Result "1-0"]
[WhiteTitle "GM"]
[BlackTitle "GM"]
[WhiteElo "2766"]
[BlackElo "2601"]
[WhiteFideId "12573981"]
[BlackFideId "14120828"]
[EventDate "2025.06.10"]

1. e4 d6 2. d4 Nf6 3. Nc3 e5 4. Nf3 Nbd7 5. h3 exd4 6. Nxd4 Nc5 7. Qf3 c6 8. Be3
Qe7 9. e5 dxe5 10. Nxc6 Qc7 11. Nb4 e4 12. Bb5+ Ncd7 13. Nbd5 Nxd5 14. Qxe4+ Ne7
15. O-O-O a6 16. Nd5 Qd6 17. Bf4 Qxd5 18. Rxd5 axb5 19. Rhd1 Rxa2 20. Kb1 Ra4
21. Qe3 Rxf4 22. Rxd7 Bxd7 23. Qxf4 f6 24. Qe4 Bc6 25. Qe6 h5 26. Rd3 b4 27. f4
f5 28. Qe5 Rh6 29. g3 Rf6 30. Rd4 Kf7 31. Rd8 Kg8 32. Qxe7 Rf7 33. Qe6 Be4 34.
Rd7 1-0

[Event "Titled Tue 10th Jun Late"]
[Site "chess.com INT"]
[Date "2025.06.10"]
[Round "11"]
[White "McDonald, Jhustice-Dimonte"]
[Black "Shi, Roger V"]
[Result "1-0"]
[WhiteTitle "CM"]
[WhiteElo "2032"]
[BlackElo "2137"]
[WhiteFideId "7402481"]
[BlackFideId "30980119"]
[EventDate "2025.06.10"]

1. Nc3 d5 2. b3 Nf6 3. Bb2 c5 4. g3 Nc6 5. Bg2 g6 6. e3 Bg7 7. Nge2 O-O 8. O-O
Bf5 9. d3 a6 10. Rb1 Rc8 11. e4 Be6 12. Na4 b6 13. Nf4 dxe4 14. Nxe6 fxe6 15.
dxe4 Qc7 16. Qe2 Rfd8 17. Rbd1 Nd4 18. Qxa6 b5 19. Bxd4 cxd4 20. Qxe6+ Kh8 21.
Nb6 Rb8 22. Nd5 Nxd5 23. exd5 Qxc2 24. Qxe7 Qxa2 25. b4 Qc4 26. Rfe1 d3 27. Qe4
Bc3 28. Re3 Qxb4 29. Qxd3 Bg7 30. d6 Qc5 31. d7 b4 32. Rde1 Qf8 33. Bc6 Qf7 34.
Re8+ Bf8 35. Qd6 Kg7 36. Qxb8 Rxb8 37. Rxb8 Be7 38. Rxe7 Qxe7 39. d8=Q Qe1+ 40.
Kg2 Qc3 41. Qh8+ Kh6 42. Qxc3 bxc3 43. Rb3 g5 44. Rxc3 Kh5 45. Be8+ Kg4 46. Rc5
h5 47. h3# 1-0

[Event "Titled Tue 10th Jun Late"]
[Site "chess.com INT"]
[Date "2025.06.10"]
[Round "11"]
[White "Haddouche, Mohamed"]
[Black "Demirtas, Alper"]
[Result "0-1"]
[WhiteTitle "GM"]
[BlackTitle "CM"]
[WhiteElo "2490"]
[BlackElo "2205"]
[WhiteFideId "7900660"]
[BlackFideId "44576781"]
[EventDate "2025.06.10"]

1. e4 e6 2. d3 d5 3. Qe2 Be7 4. Nf3 c5 5. g3 Nf6 6. Bg2 O-O 7. O-O b5 8. e5 Nfd7
9. h4 a5 10. Bf4 a4 11. a3 b4 12. Nbd2 Nc6 13. c3 bxc3 14. bxc3 Ba6 15. Rab1 c4
16. dxc4 Na5 17. Nd4 Nxc4 18. Nc6 Qe8 19. Nxc4 Bxc4 20. Qg4 Bxf1 21. Bxf1 Bxa3
22. Bh6 g6 23. Rb7 Nf6 24. Qf3 Ne4 25. Bb5 Qc8 26. Re7 Bc5 27. Kg2 a3 28. Bd3
Qxc6 29. Bxf8 Rxf8 0-1

[Event "Titled Tue 10th Jun Late"]
[Site "chess.com INT"]
[Date "2025.06.10"]
[Round "11"]
[White "Lira, Suan Bruno Fernandes"]
[Black "Zilberstein, Dmitry"]
[Result "0-1"]
[BlackTitle "IM"]
[WhiteElo "2163"]
[BlackElo "2358"]
[WhiteFideId "22794620"]
[BlackFideId "2010739"]
[EventDate "2025.06.10"]

1. e4 e6 2. d4 d5 3. Nd2 c5 4. Ngf3 a6 5. exd5 exd5 6. Bd3 c4 7. Be2 Nf6 8. O-O
Bd6 9. c3 O-O 10. b3 b5 11. a4 b4 12. bxc4 bxc3 13. Nb1 dxc4 14. Nxc3 Qc7 15.
Bg5 Nbd7 16. Qc2 Bb7 17. Rfc1 Rae8 18. h3 Bf4 19. Bxf4 Qxf4 20. Qd2 Nh5 21. d5
Ndf6 22. Qxf4 Nxf4 23. Bxc4 Rc8 24. Bf1 Rc5 25. Ne4 Nxe4 26. Rxc5 Nxc5 27. d6
Rd8 28. Rc1 Nfe6 29. a5 Bxf3 30. gxf3 Rxd6 31. Rb1 Kf8 32. Rb8+ Ke7 33. Rh8 h6
34. Ra8 Nc7 35. Ra7 Kd7 36. f4 Kc8 37. Bg2 Kb8 0-1

[Event "Titled Tue 10th Jun Late"]
[Site "chess.com INT"]
[Date "2025.06.10"]
[Round "11"]
[White "Estrada Nieto, Julian"]
[Black "Craciun, Sasha-Matei"]
[Result "1/2-1/2"]
[WhiteTitle "IM"]
[BlackTitle "FM"]
[WhiteElo "2181"]
[BlackElo "2320"]
[WhiteFideId "5101018"]
[BlackFideId "1281186"]
[EventDate "2025.06.10"]

1. e4 e5 2. Nf3 Nc6 3. Bb5 a6 4. Ba4 Nf6 5. O-O Be7 6. Re1 b5 7. Bb3 d6 8. c3
O-O 9. h3 Na5 10. Bc2 c5 11. d4 Qc7 12. Nbd2 cxd4 13. cxd4 Nc6 14. Nb3 a5 15.
Be3 a4 16. Nbd2 Nb4 17. Bb1 Bd7 18. a3 Na6 19. Bd3 Rfe8 20. Rc1 Qb8 21. Qe2 Bd8
22. dxe5 dxe5 23. Nb1 Bb6 24. Bg5 Nh5 25. Kh2 Nf4 26. Bxf4 exf4 27. Nc3 b4 28.
Nd5 Nc5 29. axb4 Nxd3 30. Qxd3 Bxf2 31. Rf1 Bg3+ 32. Kh1 Bb5 33. Qd4 Bxf1 34.
Rxf1 Qa7 35. Qd3 h6 36. b5 Qc5 37. b6 a3 38. bxa3 Rxa3 39. Qb1 1/2-1/2

[Event "Titled Tue 10th Jun Late"]
[Site "chess.com INT"]
[Date "2025.06.10"]
[Round "11"]
[White "Swara Lakshmi S Nair"]
[Black "Demchenko, Svitlana"]
[Result "1-0"]
[WhiteTitle "WCM"]
[BlackTitle "WIM"]
[WhiteElo "2187"]
[BlackElo "2135"]
[WhiteFideId "25629239"]
[BlackFideId "14149893"]
[EventDate "2025.06.10"]

1. e4 d5 2. exd5 Nf6 3. Nf3 Bg4 4. d4 Nxd5 5. Be2 g6 6. c4 Nf6 7. Nc3 Bg7 8. Be3
O-O 9. h3 Bxf3 10. Bxf3 c6 11. O-O Nbd7 12. Rc1 Qc7 13. d5 Ne5 14. Be2 Rad8 15.
Qa4 a6 16. Rfd1 Rfe8 17. b4 e6 18. Qb3 exd5 19. cxd5 Qe7 20. Bc5 Qd7 21. dxc6
Qxc6 22. f4 Ned7 23. Bf3 Qc7 24. Bd6 Qb6+ 25. Kh1 Bf8 26. Na4 Qa7 27. Bxf8 Nxf8
28. Nc5 b6 29. Nb7 Rxd1+ 30. Rxd1 Ne6 31. Qc3 Nh5 32. Nd6 Rd8 33. Bxh5 gxh5 34.
f5 Qe7 35. Qg3+ Ng7 36. Rd3 Qf6 37. Ne4 Qe7 38. f6 Rxd3 39. Qxg7# 1-0

[Event "Titled Tue 10th Jun Late"]
[Site "chess.com INT"]
[Date "2025.06.10"]
[Round "11"]
[White "Diaz Cesar, Wilsaida Pieranlly"]
[Black "Yushko, Olga"]
[Result "0-1"]
[WhiteTitle "WFM"]
[BlackTitle "WFM"]
[WhiteElo "1890"]
[BlackElo "2033"]
[WhiteFideId "6403557"]
[BlackFideId "14114500"]
[EventDate "2025.06.10"]

1. e4 Nf6 2. e5 Nd5 3. c4 Nb6 4. d4 d6 5. exd6 exd6 6. Nc3 Be7 7. Nf3 Bg4 8. h3
Bh5 9. Be3 O-O 10. Be2 Re8 11. O-O Nc6 12. b3 h6 13. Bc1 Bf6 14. Bb2 Bxf3 15.
Bxf3 Nxd4 16. Bxb7 Rb8 17. Bd5 c6 18. Be4 d5 19. cxd5 cxd5 20. Bd3 Ne6 21. Qd2
Rc8 22. Rac1 Qd6 23. Nb5 Qe7 24. Ba3 Rxc1 25. Rxc1 Qd7 26. Qa5 Bg5 27. Re1 Nf4
28. Rxe8+ Qxe8 29. Bf1 Nc8 30. Nxa7 Nxa7 31. Qxa7 Qe1 32. Qb8+ Kh7 33. Qb4 Ne2+
34. Kh2 Qxf1 35. Qc5 Qg1# 0-1

[Event "Titled Tue 10th Jun Late"]
[Site "chess.com INT"]
[Date "2025.06.10"]
[Round "11"]
[White "Pein, Jonathan"]
[Black "Fomevor, Cephas Clinton"]
[Result "1-0"]
[WhiteTitle "FM"]
[BlackTitle "CM"]
[WhiteElo "2226"]
[BlackElo "1883"]
[WhiteFideId "417092"]
[BlackFideId "12601330"]
[EventDate "2025.06.10"]

1. d4 d5 2. Nc3 Nf6 3. Nf3 Bf5 4. e3 e6 5. Ne5 Bd6 6. g4 Be4 7. f3 Bg6 8. h4 h6
9. Nxg6 fxg6 10. Bd3 Kf7 11. Ne2 c5 12. c3 Nc6 13. Qc2 g5 14. Bg6+ Ke7 15. h5
cxd4 16. exd4 Qc7 17. Kf1 Rac8 18. Kg2 b5 19. a3 a5 20. Re1 b4 21. axb4 axb4 22.
Bd2 bxc3 23. bxc3 Rhf8 24. Qd3 Na5 25. Bf5 Rfe8 26. Bxe6 Kf8 27. Ng1 Nc4 28.
Bxg5 Bh2 29. Bxf6 Qg3+ 30. Kh1 Bxg1 31. Bxg7+ Ke7 32. Bxd5+ Kd6 33. Be5+ Kd7 34.
Qf5+ 1-0

[Event "Titled Tue 10th Jun Late"]
[Site "chess.com INT"]
[Date "2025.06.10"]
[Round "11"]
[White "Paravyan, David"]
[Black "Xiong, Jeffery"]
[Result "0-1"]
[WhiteTitle "GM"]
[BlackTitle "GM"]
[WhiteElo "2589"]
[BlackElo "2639"]
[WhiteFideId "4194985"]
[BlackFideId "2047640"]
[EventDate "2025.06.10"]

1. d4 d5 2. c4 e6 3. Nf3 Nf6 4. g3 Bb4+ 5. Bd2 Be7 6. Bg2 O-O 7. O-O c6 8. Qc2
Ne4 9. h4 Nxd2 10. Nbxd2 f5 11. Ne5 Bf6 12. Ndf3 Nd7 13. Nd3 Qe7 14. e3 Kh8 15.
b4 dxc4 16. Qxc4 e5 17. dxe5 Nxe5 18. Ndxe5 Bxe5 19. Nxe5 Qxe5 20. Rfd1 Be6 21.
Qd4 Qxd4 22. Rxd4 Rad8 23. Rxd8 Rxd8 24. a4 a6 25. Rb1 Ba2 26. Rb2 Bc4 27. Rc2
Bb3 28. Rc5 g6 29. Re5 Rd7 30. b5 Bxa4 31. bxa6 bxa6 32. Re8+ Kg7 33. Rc8 Bb5
34. Bf3 a5 35. Ra8 a4 36. Kg2 Kf6 37. g4 fxg4 38. Bxg4 Rd3 39. Be2 Rc3 40. Bd1
a3 41. h5 Bc4 42. hxg6 hxg6 43. Bf3 a2 44. Bxc6 Rc1 45. Bb5 Bd5+ 0-1

[Event "Titled Tue 10th Jun Late"]
[Site "chess.com INT"]
[Date "2025.06.10"]
[Round "11"]
[White "Hariharan, Shambavi"]
[Black "Bongo Akanga Ndjila, Barthelemy"]
[Result "1-0"]
[WhiteTitle "WCM"]
[BlackTitle "CM"]
[WhiteElo "1936"]
[BlackElo "1847"]
[WhiteFideId "488160"]
[BlackFideId "10609431"]
[EventDate "2025.06.10"]

1. d4 d5 2. c4 e6 3. Nf3 h6 4. g3 Nf6 5. Bg2 c6 6. O-O b6 7. Qc2 Ba6 8. Nbd2 Be7
9. b3 O-O 10. Bb2 Nbd7 11. e4 dxe4 12. Nxe4 Nxe4 13. Qxe4 Bb7 14. Ne5 Nf6 15.
Qe2 Rc8 16. Rfd1 Nd7 17. Ng4 Qc7 18. Rac1 Nf6 19. Ne5 Nd7 20. Nxd7 Qxd7 21. Qg4
Bf6 22. Qf3 Rc7 23. Rd3 c5 24. Qg4 Bxg2 25. Kxg2 Bg5 26. Rcd1 cxd4 27. Bxd4 Qc6+
28. Kg1 f5 29. Qe2 Bf6 30. Be5 Bxe5 31. Qxe5 Re7 32. f4 g5 33. Rd6 Qc8 34. Qe3
g4 35. Qe5 Kf7 36. Re1 Rfe8 37. Red1 Qa6 38. R1d2 Qa3 39. Kg2 Qc1 40. Rd7 1-0

[Event "Titled Tue 10th Jun Late"]
[Site "chess.com INT"]
[Date "2025.06.10"]
[Round "11"]
[White "Makridis, Dimitrios"]
[Black "Saydaliev, Saidakbar"]
[Result "1-0"]
[WhiteTitle "FM"]
[BlackTitle "IM"]
[WhiteElo "2283"]
[BlackElo "2450"]
[WhiteFideId "25864475"]
[BlackFideId "14203693"]
[EventDate "2025.06.10"]

1. e4 e5 2. Nf3 Nc6 3. d4 exd4 4. Nxd4 Nf6 5. Nxc6 bxc6 6. e5 Qe7 7. Qe2 Nd5 8.
c4 Nb6 9. Nc3 a5 10. f4 Ba6 11. Qe4 O-O-O 12. c5 Bxf1 13. cxb6 Ba6 14. bxc7 Kxc7
15. Bd2 d5 16. Qf3 f6 17. O-O-O Kb7 18. Rhe1 fxe5 19. Rxe5 Qc5 20. Kb1 Bd6 21.
Rg5 g6 22. Nxd5 Qc4 23. Nc3 Qd3+ 24. Qxd3 Bxd3+ 25. Kc1 Bc7 26. Na4 Bf5 27. Rg3
Rd4 28. Rb3+ Kc8 29. Nb6+ Kb7 30. Nd5+ Kc8 31. Nxc7 Rc4+ 32. Rc3 Ra4 33. Na6
Rxa2 34. Ra3 Rxa3 35. bxa3 Re8 36. Bxa5 Re2 37. Rd2 Re1+ 38. Kb2 Re4 39. Rd8+
Kb7 40. Nc5+ Ka7 41. Nxe4 1-0

[Event "Titled Tue 10th Jun Late"]
[Site "chess.com INT"]
[Date "2025.06.10"]
[Round "11"]
[White "Lazavik, Denis"]
[Black "Carlsen, Magnus"]
[Result "0-1"]
[WhiteTitle "GM"]
[BlackTitle "GM"]
[WhiteElo "2580"]
[BlackElo "2837"]
[WhiteFideId "13515110"]
[BlackFideId "1503014"]
[EventDate "2025.06.10"]

1. d4 Nf6 2. c4 e6 3. Nc3 d5 4. cxd5 exd5 5. Bg5 Be7 6. e3 O-O 7. Bd3 h6 8. Bh4
c6 9. Nge2 Nbd7 10. O-O a5 11. Rc1 Re8 12. h3 Nh5 13. Bxe7 Qxe7 14. Kh1 Nb6 15.
Qc2 a4 16. Ng1 Nf6 17. Nf3 Ne4 18. Ne5 Nd6 19. Kg1 Be6 20. Rfe1 Qf6 21. f3 a3
22. b3 Rad8 23. Nb1 Nd7 24. Nxd7 Rxd7 25. Nxa3 Bf5 26. Qd2 Qg6 27. Bxf5 Nxf5 28.
Nc2 Rde7 29. Qf2 h5 30. g4 h4 31. a4 Ng3 32. a5 f5 33. b4 fxg4 34. hxg4 Rf7 35.
Red1 Ref8 36. Ne1 Qxg4 37. Qg2 Rxf3 38. Nxf3 Rxf3 39. Rf1 Ne2+ 40. Kh2 Rg3 0-1

[Event "Titled Tue 10th Jun Late"]
[Site "chess.com INT"]
[Date "2025.06.10"]
[Round "11"]
[White "Mizzi, Jack"]
[Black "Marchesich, Giovanni"]
[Result "1-0"]
[WhiteTitle "CM"]
[BlackTitle "CM"]
[WhiteElo "2107"]
[BlackElo "2189"]
[WhiteFideId "5602521"]
[BlackFideId "2824790"]
[EventDate "2025.06.10"]

1. d4 c5 2. d5 e5 3. c4 d6 4. Nc3 Be7 5. e4 Bg5 6. Bxg5 Qxg5 7. Nf3 Qd8 8. Qd2
Ne7 9. a3 O-O 10. b4 b6 11. b5 h6 12. a4 a5 13. Bd3 f5 14. O-O-O fxe4 15. Nxe4
Bf5 16. Ng3 Bxd3 17. Qxd3 Nd7 18. Ne4 Nf6 19. Nfd2 Nxe4 20. Nxe4 Nf5 21. f3 Nd4
22. Kb2 Qe7 23. Ng3 Rf4 24. Rhe1 Raf8 25. Re4 Qh4 26. Rh1 Rxe4 27. Nxe4 Qe7 28.
Rf1 Rf4 29. g3 Rf8 30. Qe3 Nf5 31. Qd3 Kh8 32. f4 Nd4 33. Qe3 exf4 34. Rxf4 Re8
35. Qf2 Qe5 36. Nc3 Kh7 37. Re4 Qh5 38. g4 Qg6 39. Qg2 Rf8 40. h4 Qf6 41. g5
Qf2+ 42. Qxf2 Rxf2+ 43. Kb1 hxg5 44. hxg5 Kg6 45. Re7 Nf5 46. Re6+ Kxg5 47. Ne4+ 1-0

[Event "Titled Tue 10th Jun Late"]
[Site "chess.com INT"]
[Date "2025.06.10"]
[Round "11"]
[White "Osinovsky, Stepan"]
[Black "Pica, Eleni"]
[Result "0-1"]
[WhiteTitle "FM"]
[BlackTitle "WCM"]
[WhiteElo "2240"]
[BlackElo "1686"]
[WhiteFideId "4157354"]
[BlackFideId "5910005"]
[EventDate "2025.06.10"]

1. e4 d5 2. exd5 Qxd5 3. Nc3 Qd8 4. Nf3 Nf6 5. b3 Bg4 6. Be2 e6 7. O-O Bd6 8. h3
Bh5 9. Bb2 O-O 10. d4 Nbd7 11. Qd2 Rc8 12. Rad1 c6 13. Rfe1 Qc7 14. Ne5 Bxe2 15.
Qxe2 Nd5 16. Nxd7 Qxd7 17. Ne4 Bb8 18. c4 Ne7 19. Qh5 Qc7 20. g3 Ng6 21. Ng5 h6
22. Nxe6 fxe6 23. Qxg6 Rf6 24. Qg4 Rcf8 25. Rd2 Qf7 26. Ree2 Rg6 27. Qe4 Bxg3
28. fxg3 Rxg3+ 29. Kh2 Rf3 30. d5 Qh5 31. Qxe6+ Kh8 32. Rg2 Qxh3+ 33. Qxh3 Rxh3+
34. Kxh3 Rf3+ 35. Rg3 Rf7 36. dxc6 bxc6 0-1

[Event "Titled Tue 10th Jun Late"]
[Site "chess.com INT"]
[Date "2025.06.10"]
[Round "11"]
[White "Drygalov, Sergey"]
[Black "Thomforde-Toates, Noah"]
[Result "1-0"]
[WhiteTitle "GM"]
[WhiteElo "2560"]
[BlackElo "2128"]
[WhiteFideId "24171743"]
[BlackFideId "30951992"]
[EventDate "2025.06.10"]

1. d4 Nf6 2. c4 g6 3. Nc3 Bg7 4. e4 d6 5. Nf3 O-O 6. Be2 e5 7. O-O exd4 8. Nxd4
Re8 9. f3 c6 10. Kh1 Nbd7 11. Bf4 Nh5 12. Be3 f5 13. Qd2 f4 14. Bf2 Be5 15. Kg1
Qf6 16. Rfd1 Nf8 17. b4 Ne6 18. b5 Ng3 19. bxc6 bxc6 20. Rac1 Bd7 21. Nxe6 Bxc3
22. Rxc3 Qxc3 23. hxg3 Qxd2 24. Rxd2 fxg3 25. Bxg3 Rxe6 26. Bxd6 Ree8 27. c5 a5
28. Rb2 Ra7 29. a4 Be6 30. Rb6 Rc8 31. Ba6 Rca8 32. Bb7 Rxb7 33. Rxb7 Bc4 34.
Kf2 Bd3 35. Rb2 Kf7 36. Ke3 Bf1 37. g4 h5 38. Kf4 h4 39. Rb7+ Kg8 40. Kg5 h3 41.
Kxg6 Re8 42. f4 Bd3 43. Rg7+ Kh8 44. Rh7+ Kg8 45. Rxh3 Bxe4+ 46. f5 Bc2 47. Kf6
Bxa4 48. g5 Bc2 49. g6 a4 50. g7 Re6+ 51. fxe6 Bh7 52. e7 1-0